| 000 | 00572cab a2200181 4500 | ||
|---|---|---|---|
| 001 | WB2407-39 | ||
| 008 | 090401t xxu||||| |||| 00| 0 eng d | ||
| 035 | _a(Sirsi) u38588 | ||
| 041 | _aeng | ||
| 245 | _aEZ rate appeal | ||
| 350 | _a0 | ||
| 490 | _aTranscript | ||
| 520 | _aIn Clement (VO) v Addis HL 11 February 1988 it was held that industrial and commercial companies operating just outside enterprise zones were entitled to a reduction in their rates. | ||
| 650 | _aRATING APPEAL | ||
| 690 | _aRATING AND VALUATION-CASE LAW | ||
| 942 | _n0 | ||
| 948 | _c04/03/1997 | ||
| 999 |
_c24799 _d24799 |
||